<?xml version="1.0" encoding="UTF-8"?>
<record
    xmlns:xsi="http://www.w3.org/2001/XMLSchema-instance"
    xsi:schemaLocation="http://www.loc.gov/MARC21/slim http://www.loc.gov/standards/marcxml/schema/MARC21slim.xsd"
    xmlns="http://www.loc.gov/MARC21/slim">

  <leader>00837cam a2200217 a 4500</leader>
  <controlfield tag="001">78634</controlfield>
  <controlfield tag="003">BD-RjUL</controlfield>
  <controlfield tag="005">20211209083145.0</controlfield>
  <controlfield tag="008">210411s1986    le            00010 arar </controlfield>
  <datafield tag="035" ind1=" " ind2=" ">
    <subfield code="a">(BD-RjUL)78860</subfield>
  </datafield>
  <datafield tag="040" ind1=" " ind2=" ">
    <subfield code="a">UkOxU</subfield>
    <subfield code="b">eng</subfield>
    <subfield code="c">BD-RjUL</subfield>
  </datafield>
  <datafield tag="041" ind1=" " ind2=" ">
    <subfield code="a">ara</subfield>
  </datafield>
  <datafield tag="043" ind1=" " ind2=" ">
    <subfield code="a">ma-----</subfield>
  </datafield>
  <datafield tag="082" ind1=" " ind2=" ">
    <subfield code="2">23</subfield>
    <subfield code="a">892.709</subfield>
    <subfield code="b">IBT 1981</subfield>
  </datafield>
  <datafield tag="100" ind1="1" ind2=" ">
    <subfield code="a"> &#x627;&#x628;&#x631;&#x627;&#x647;&#x64A;&#x645;,  &#x637;&#x647; &#x627;&#x62D;&#x645;&#x62F; ;; Ibrahim, Taha Ahmed  </subfield>
    <subfield code="9">246925</subfield>
  </datafield>
  <datafield tag="245" ind1="1" ind2="0">
    <subfield code="a">&#x62A;&#x623;&#x631;&#x64A;&#x62E; &#x627;&#x644;&#x646;&#x642;&#x62F; &#x627;&#x644;&#x623;&#x62F;&#x628;&#x64A; &#x639;&#x646;&#x62F; &#x627;&#x644;&#x639;&#x631;&#x628; :  &#x645;&#x646; &#x627;&#x644;&#x639;&#x635;&#x631; &#x627;&#x644;&#x62C;&#x627;&#x647;&#x644;&#x64A; &#x627;&#x644;&#x64A; &#x627;&#x644;&#x642;&#x631;&#x646; &#x627;&#x644;&#x631;&#x628;&#x639; &#x627;&#x644;&#x647;&#x62C;&#x631;&#x64A; ;; T&#x101;r&#x12B;kh al-naqd al-adab&#x12B; &#x2BF;inda al-&#x2BF;Arab /</subfield>
    <subfield code="c">&#x637;&#x647; &#x627;&#x62D;&#x645;&#x62F; &#x627;&#x628;&#x631;&#x627;&#x647;&#x64A;&#x645;    ;; Taha Ahmed Ibrahim </subfield>
  </datafield>
  <datafield tag="260" ind1=" " ind2=" ">
    <subfield code="a">Bayrut :</subfield>
    <subfield code="b">Maktubat al arabiah,</subfield>
    <subfield code="c">1971[1401]</subfield>
  </datafield>
  <datafield tag="300" ind1=" " ind2=" ">
    <subfield code="a">188 p. ;</subfield>
    <subfield code="c">24 cm.</subfield>
  </datafield>
  <datafield tag="650" ind1=" " ind2="0">
    <subfield code="a">Arabic literature</subfield>
    <subfield code="x">History and criticism.</subfield>
    <subfield code="9">246926</subfield>
  </datafield>
  <datafield tag="942" ind1=" " ind2=" ">
    <subfield code="2">ddc</subfield>
    <subfield code="c">BK</subfield>
  </datafield>
  <datafield tag="999" ind1=" " ind2=" ">
    <subfield code="c">78634</subfield>
    <subfield code="d">78634</subfield>
  </datafield>
  <datafield tag="952" ind1=" " ind2=" ">
    <subfield code="0">0</subfield>
    <subfield code="1">0</subfield>
    <subfield code="2">ddc</subfield>
    <subfield code="4">0</subfield>
    <subfield code="7">1</subfield>
    <subfield code="8">NFIC</subfield>
    <subfield code="a">RUCL</subfield>
    <subfield code="b">RUCL</subfield>
    <subfield code="c">Reading</subfield>
    <subfield code="d">2009-11-18</subfield>
    <subfield code="e">Ahsaniah Mission,  Dhaka</subfield>
    <subfield code="g">1200.00</subfield>
    <subfield code="l">0</subfield>
    <subfield code="o">A 892.709 IBT 1981</subfield>
    <subfield code="r">2021-10-25 00:00:00</subfield>
    <subfield code="t">C-1</subfield>
    <subfield code="w">2021-10-25</subfield>
    <subfield code="y">BK</subfield>
  </datafield>
</record>
